A multikulturális környezet kihívásai a vállalatok számára

Bibliographic Details
Main Author: Szegedi Brigitta
Other Authors: Berke Dr. Szilárd
Format: Thesis
Kulcsszavak:Multikulturalizmus
Vállalatok
Környezetelemzés
Szervezeti kultúra
Online Access:http://dolgozattar.uni-bge.hu/15395

MARC

LEADER 00000nta a2200000 i 4500
001 dolg15395
005 20220627133103.0
008 180503suuuu hu om 000 hun d
040 |a BGE Dolgozattár Repozitórium  |b hun 
041 |a hu 
100 1 |a Szegedi Brigitta 
245 1 2 |a A multikulturális környezet kihívásai a vállalatok számára  |c Szegedi Brigitta  |h [elektronikus dokumentum] 
695 |a Multikulturalizmus 
695 |a Vállalatok 
695 |a Környezetelemzés 
695 |a Szervezeti kultúra 
700 1 |a Berke Dr. Szilárd  |e ths 
856 4 0 |u http://dolgozattar.uni-bge.hu/15395/1/SZB-A-MULTIKULTURALIS-KORNYEZET-KIHIVASAI-A-VALLALATOK-SZAMARA-PRINT.pdf  |z Dokumentum-elérés